Die Macht der Wörter am Beispiel der Werbeslogans in den deutschsprachigen Ländern bakalárska práca

Uložené v:
Podrobná bibliografia
Hlavný autor: Négliová, Martina
Korporativný autor: Fakulta aplikovaných jazykov EU v Bratislave. Katedra jazykovedy a translatológie
Ďalší autori: Seresová, Katarína, 1967-
Médium: Kniha
Jazyk:German
Vydavateľské údaje: Bratislava 2018
Tagy: Pridať tag
Žiadne tagy, Buďte prvý, kto otaguje tento záznam!

MARC

LEADER 00000nbm a2200000 4500
001 0244025
005 20181011092840.1
041 0 |a ger 
044 |a SK 
245 1 0 |a Die Macht der Wörter am Beispiel der Werbeslogans in den deutschsprachigen Ländern  |b bakalárska práca  |c Martina Négliová ; školiteľ: Katarína Seresová 
264 1 |a Bratislava  |c 2018 
300 |a 57 s. 
100 1 |a Négliová, Martina 
700 1 |a Seresová, Katarína, 1967- 
710 2 |a Fakulta aplikovaných jazykov EU v Bratislave. Katedra jazykovedy a translatológie